000 00680nam a2200241Ia 4500
003 OSt
005 20220924150140.0
006 a|||||r|||| 00| 0
007 ta
008 220923b |||||||| |||| 00| 0 per d
024 _a331944
037 _cTextual
040 _aARTS
_cARTS
_bper
041 _2per
_aper
082 _aV45,1wD6, 164H9;J1
100 _aIsmail Abu Mansoor Abul Malik Au.
_9221358
245 0 _aShahnama-e-Saalbi
260 _c1951
650 _aIRAN - HISTORY
700 _a Hidayat Mehmood Tr.
942 _hV45,1wD6, 164H9;J1
_cTEXL
_2CC
999 _c462326
_d462326